000 00489nam a2200169 i 4500
001 31520
003 ES-MaACL
005 20230906154408.0
007 t|
008 030129s1965 sp ||||1| spa d
100 1 _aBenet y Petit, Juan.
_927547
245 1 3 _aEl trobador de la Mare de Deu /
_cJuan Benet y Petit.
260 _aBarcelona :
_bTorrell de Reus,
_c1965.
300 _a173 p. :
_bil. ;
_c18 cm.
852 _aES-MaACL
_jF-7316
_bR.56340
852 _aES-MaACL
_jC-29169
_bR.58486
999 _c31520
_d31520